The boy and the monarch : sonnets and variations /

Bibliographic Details
Main Author: George, Emery Edward, 1933-
Format: Book
Language:English
Published: Ann Arbor : Ardis, 1987.
Subjects:

MARC

Tag First Indicator Second Indicator Subfields
LEADER 00000cam a2200000 a 4500
001 in00000030981
005 20151007054922.0
008 870312s1987 miu 00010 eng
010 |a  87001485  
020 |a 087501027X :  |c $8.95 
035 |a (OCoLC)15414963 
035 |9 AAB6653AM 
040 |a DLC  |c DLC  |d TXA  |d UtOrBLW 
049 |a TXAM  |c [A11060612] 
050 0 0 |a PS3557.E48  |b B6 1987 
082 0 |a 811/.54  |2 19 
100 1 |a George, Emery Edward,  |d 1933- 
245 1 4 |a The boy and the monarch :  |b sonnets and variations /  |c by Emery George. 
264 1 |a Ann Arbor :  |b Ardis,  |c 1987. 
300 |a 93 pages ;  |c 24 cm. 
336 |a text  |b txt  |2 rdacontent 
337 |a unmediated  |b n  |2 rdamedia 
338 |a volume  |b nc  |2 rdacarrier 
650 0 |a Sonnets, American. 
999 |a MARS 
999 f f |s 1ea6bbc1-b84c-349d-8919-d5a42db3f752  |i 82c862c5-671c-3301-8868-91331f0205af  |t 0 
952 f f |p ric  |a Texas A&M University  |b Rellis Campus  |c Joint Library Facility  |d Remote Storage  |t 0  |e PS3557.E48 B6 1987  |h Library of Congress classification  |i unmediated -- volume  |m A14811060612 
998 f f |a PS3557.E48 B6 1987  |t 0  |l Remote Storage